000 00515cam a22001571 4500
082 _a355.009242
_bBUC
100 1 _aBuchan, John,
_911826
245 1 0 _aMemory hold-the-door,
_cby John Buchan.
260 _aLondon,
_bHodder and Stoughton ltd.,
_c1940.
300 _a327 p.
_billus.
_c23 cm.
500 _aAmerican edition ([Boston] Houghton Mifflin company, 1940) has title: Pilgrim's way.
526 _a0
_b0
_c0
_d355_009242000000000_BUC
650 _aMCE
_9379
700 _aBuchan, John,
_911826
942 _2ddc
_cBK
999 _c552130
_d552130